Крутой маршрут: [18+]; [НЕЗАКОННОЕ ПОТРЕБЛЕНИЕ НАРКОТИЧЕСКИХ СРЕДСТВ, ПСИХОТРОПНЫХ ВЕЩЕСТВ, ИХ АНАЛОГОВ ПРИЧИНЯЕТ ВРЕД ЗДОРОВЬЮ, ИХ НЕЗАКОННЫЙ ОБОРОТ ЗАПРЕЩЁН И ВЛЕЧЕТ УСТАНОВЛЕННУЮ ЗАКОНОДАТЕЛЬСТВОМ ОТВЕТСТВЕННОСТЬ]; Хроника времен культа личности

Podrobná bibliografie
Hlavní autor: Гинзбург Е. С. Евгения Семеновна
Jazyk:ruština
Vydáno: Москва, Советский писатель, 1990
Témata:
Médium: Kniha
KOHA link:https://koha.lib.tpu.ru/cgi-bin/koha/opac-detail.pl?biblionumber=80401

MARC

LEADER 00000nam0a2200000 4500
001 80401
005 20260407144555.0
010 |a 526501666X 
035 |a (RuTPU)RU\TPU\book\86414 
090 |a 80401 
100 |a 20050905d1990 m a0rusy5003 ca 
101 0 |a rus 
102 |a RU 
105 |a a z 000ay 
200 1 |a Крутой маршрут  |e [18+]  |e [НЕЗАКОННОЕ ПОТРЕБЛЕНИЕ НАРКОТИЧЕСКИХ СРЕДСТВ, ПСИХОТРОПНЫХ ВЕЩЕСТВ, ИХ АНАЛОГОВ ПРИЧИНЯЕТ ВРЕД ЗДОРОВЬЮ, ИХ НЕЗАКОННЫЙ ОБОРОТ ЗАПРЕЩЁН И ВЛЕЧЕТ УСТАНОВЛЕННУЮ ЗАКОНОДАТЕЛЬСТВОМ ОТВЕТСТВЕННОСТЬ]  |e Хроника времен культа личности  |f Е. С. Гинзбург 
210 |a Москва  |c Советский писатель  |d 1990 
215 |a 601,[1] с., [8] л. ил.  |d 22 см 
610 1 |a романы 
610 1 |a история 
610 1 |a проза 
610 1 |a история 
675 |a Р2 
700 1 |a Гинзбург  |b Е. С.  |g Евгения Семеновна 
801 0 |a RU  |b RuMRKP  |c 19950417  |g psbo 
801 1 |a RU  |b 63413507  |c 20050905  |g PSBO 
801 2 |a RU  |b 63413507  |c 20051014  |g PSBO 
830 |a *изданиеподлежащеемаркировке 
942 |c BK